000 00735nam a22002057a 4500
005 20251220094102.0
008 251219b |||||||| |||| 00| 0 eng d
040 _cAL
041 _aKonkani/Devanagari
082 _a891.464
_bDCUM
100 _aRaymond Dcunha Takode
_9249626
100 _aರೇಮಂಡ್ ಡಿಕುನ್ಹಾ ತಾಕೊಡೆ
_9249627
245 _aMadhyam : kaal aani aaj
_b: ಮಾಧ್ಯಮ್ ಕಾಲ್ ಆನಿ ಆಜ್
260 _aManglur
_bKarnataka Konkani Sahitya Akademi
_c2019
300 _avi,38p
_bPB
_c18x12cm
365 _2Konkani
_a018
_b₹21.00
_c
_d₹21.00
_e0
_f04-12-2025
650 _aKonkani Miscellaneous
_9249521
650 _aTaccode Takode
_9249575
942 _2ddc
_cBK
999 _c240732
_d240732